[Event "CRO-chT U20 30th"]
[White "Birkic, Josip"]
[Black "Purini, Bruno"]
[Site "Rabac"]
[Round "7.3"]
[Result "1-0"]
[Date "2021.04.09"]
[WhiteElo "1972"]
[BlackElo "1987"]
[PlyCount "81"]
[EventDate "2021.04.06"]
[EventType "team-tourn"]
[EventRounds "11"]
[EventCountry "CRO"]
[SourceTitle "CBM 201 Extra"]
[Source "ChessBase"]
[SourceDate "2021.05.31"]
[SourceVersion "1"]
[SourceVersionDate "2021.05.31"]
[SourceQuality "1"]
[WhiteTeam "Rijeka Junior U20"]
[BlackTeam "Rijeka Liburnija U20"]
[WhiteTeamCountry "CRO"]
[BlackTeamCountry "CRO"]

1. d4 d5 2. c4 e6 3. Nf3 a6 4. Nbd2 Nf6 5. e3 c5 6. b3 Nc6 7. Bb2 b6 8. Bd3 Bb7 9. 0-0 Be7 10. dxc5 bxc5 11. cxd5 exd5 12. Rc1 Qb6 13. Bb1 0-0 14. Bxf6 Bxf6 15. Qc2 g6 16. Qxc5 Qxc5 17. Rxc5 d4 18. exd4 Nxd4 19. Nxd4 Bxd4 20. Rc7 Bc8 21. Be4 Ra7 22. Rfc1 Rxc7 23. Rxc7 Be6 24. Rc6 a5 25. Ra6 Rc8 26. Ra8 Rxa8 27. Bxa8 Kf8 28. Kf1 Ke7 29. Ke2 h6 30. f3 Kd6 31. Kd3 Bb6 32. Ne4+ Kc7 33. Nc3 Bg1 34. h3 Kb6 35. Bd5 Bf5+ 36. Kc4 f6 37. Bf7 Kc6 38. Nd5 Bb1 39. a4 g5 40. Nxf6 Bb6 41. Ng4 1-0

[Event "CRO-chT U20 30th"]
[White "Mandaric, Fran"]
[Black "Purini, Bruno"]
[Site "Rabac"]
[Round "3.2"]
[Result "0-1"]
[Date "2021.04.07"]
[WhiteElo "1684"]
[BlackElo "1987"]
[PlyCount "62"]
[EventDate "2021.04.06"]
[EventType "team-tourn"]
[EventRounds "11"]
[EventCountry "CRO"]
[SourceTitle "CBM 201 Extra"]
[Source "ChessBase"]
[SourceDate "2021.05.31"]
[SourceVersion "1"]
[SourceVersionDate "2021.05.31"]
[SourceQuality "1"]
[WhiteTeam "Strizivojna Amater U20"]
[BlackTeam "Rijeka Liburnija U20"]
[WhiteTeamCountry "CRO"]
[BlackTeamCountry "CRO"]

1. e4 e5 2. Nf3 Nc6 3. Bb5 a6 4. Ba4 Nf6 5. d3 b5 6. Bb3 Bc5 7. 0-0 d6 8. c3 h6 9. Nbd2 0-0 10. h3 Bb6 11. Re1 Ne7 12. Nf1 Ng6 13. Ng3 Re8 14. d4 exd4 15. cxd4 Bb7 16. Qc2 c5 17. e5 Bxf3 18. Qxg6 c4 19. Qf5 cxb3 20. gxf3 Bxd4 21. Bxh6 gxh6 22. exf6 Rxe1+ 23. Rxe1 Qxf6 24. Qxf6 Bxf6 25. axb3 d5 26. Rd1 Rd8 27. Rd2 Kh7 28. Kf1 Kg6 29. Ne4 dxe4 30. Rxd8 Bxd8 31. fxe4 Kg5 0-1

[Event "CRO-chT Div1B qual"]
[White "Havas, Juraj"]
[Black "Purini, Bruno"]
[Site "Crikvenica"]
[Round "3.6"]
[Result "1/2-1/2"]
[Date "2020.11.22"]
[WhiteElo "2108"]
[BlackElo "1975"]
[PlyCount "43"]
[EventDate "2020.11.21"]
[EventType "team-tourn"]
[EventRounds "3"]
[EventCountry "CRO"]
[SourceTitle "EXT 2022"]
[Source "ChessBase"]
[SourceDate "2021.10.06"]
[SourceVersion "1"]
[SourceVersionDate "2021.10.06"]
[SourceQuality "1"]

1. d4 d5 2. Bf4 Nf6 3. e3 c5 4. c3 Bf5 5. Qb3 Qd7 6. Bxb8 c4 7. Qd1 Rxb8 8. Nf3 h6 9. Ne5 Qc7 10. Be2 e6 11. Nd2 Bd6 12. f4 Ne4 13. 0-0 Nxd2 14. Qxd2 0-0 15. Ng4 b5 16. a3 a5 17. Nf2 b4 18. axb4 axb4 19. Ra6 bxc3 20. bxc3 Rb3 21. Rfa1 Rfb8 22. Nd1 1/2-1/2

[Event "CRO-chT Div1B qual"]
[White "Gracin, Damir"]
[Black "Purini, Bruno"]
[Site "Crikvenica"]
[Round "2.5"]
[Result "0-1"]
[Date "2020.11.21"]
[WhiteElo "2169"]
[BlackElo "1975"]
[PlyCount "64"]
[EventDate "2020.11.21"]
[EventType "team-tourn"]
[EventRounds "3"]
[EventCountry "CRO"]
[SourceTitle "EXT 2022"]
[Source "ChessBase"]
[SourceDate "2021.10.06"]
[SourceVersion "1"]
[SourceVersionDate "2021.10.06"]
[SourceQuality "1"]

1. d4 d5 2. c4 e6 3. Nf3 a6 4. cxd5 exd5 5. Nc3 c6 6. Bf4 Bd6 7. Bg3 Nf6 8. Qc2 0-0 9. e3 Bg4 10. Bd3 Bh5 11. Ne5 Bg6 12. 0-0 Bxd3 13. Qxd3 Qe7 14. f4 Nbd7 15. Bh4 Qe6 16. Rf3 Bb4 17. Nxd7 Nxd7 18. f5 Qh6 19. f6 Qxh4 20. Rh3 Qxh3 21. gxh3 Nxf6 22. Ne2 Bd6 23. b4 Rfe8 24. Rb1 Re6 25. Nc3 Rae8 26. Nd1 Ne4 27. a4 f5 28. b5 axb5 29. axb5 f4 30. exf4 Rg6+ 31. Kf1 Rf8 32. Ne3 Rxf4+ 0-1

[Event "CRO-chT2 West"]
[White "Juras, Zvonko"]
[Black "Purini, Bruno"]
[Site "Rijeka"]
[Round "1.5"]
[Result "0-1"]
[Date "2020.09.12"]
[WhiteElo "1854"]
[BlackElo "1962"]
[PlyCount "54"]
[EventDate "2020.09.12"]
[EventType "team-tourn"]
[EventRounds "9"]
[EventCountry "CRO"]
[SourceTitle "EXT 2022"]
[Source "ChessBase"]
[SourceDate "2021.10.06"]
[SourceVersion "1"]
[SourceVersionDate "2021.10.06"]
[SourceQuality "1"]
[WhiteTeam "Buje"]
[BlackTeam "Porec Gortan"]
[WhiteTeamCountry "CRO"]
[BlackTeamCountry "CRO"]

1. e4 e5 2. Nf3 Nc6 3. Bb5 Nf6 4. 0-0 a6 5. Ba4 b5 6. Bb3 Bc5 7. c3 d6 8. d4 Bb6 9. h3 h6 10. Re1 0-0 11. a4 Bb7 12. axb5 axb5 13. Rxa8 Bxa8 14. Na3 exd4 15. cxd4 Na5 16. Bc2 b4 17. Nb1 Re8 18. Nbd2 Qd7 19. d5 c6 20. Ba4 Qa7 21. Qe2 Nxd5 22. exd5 Rxe2 23. Rxe2 cxd5 24. Re8+ Kh7 25. Bc2+ g6 26. b3 Bxf2+ 27. Kh2 Bc6 0-1

[Event "CRO-ch U19"]
[White "Baric, Marko"]
[Black "Purini, Bruno"]
[Site "Vinkovci"]
[Round "6"]
[Result "1/2-1/2"]
[Date "2020.08.01"]
[WhiteElo "1831"]
[BlackElo "2017"]
[PlyCount "42"]
[EventDate "2020.07.28"]
[EventType "swiss"]
[EventRounds "9"]
[EventCountry "CRO"]
[SourceTitle "EXT 2021"]
[Source "ChessBase"]
[SourceDate "2020.10.23"]
[SourceVersion "1"]
[SourceVersionDate "2020.10.23"]
[SourceQuality "1"]

1. e4 e5 2. Nf3 Nc6 3. Bb5 a6 4. Ba4 Nf6 5. 0-0 b5 6. Bb3 Bc5 7. Nxe5 Nxe5 8. d4 Bxd4 9. Qxd4 d6 10. Qe3 c5 11. c3 0-0 12. f3 Re8 13. Rd1 Bb7 14. Qf2 Qe7 15. Bg5 Nxe4 16. Bxe7 Nxf2 17. Kxf2 Rxe7 18. Rxd6 Rae8 19. Nd2 Ng6 20. Kg3 Kf8 21. Bc2 Re6 1/2-1/2

[Event "CRO-chT U20 29th"]
[White "Purini, Bruno"]
[Black "Zekic, Patrik"]
[Site "Cakovec"]
[Round "9.3"]
[Result "1/2-1/2"]
[Date "2020.07.18"]
[WhiteElo "2017"]
[BlackElo "1699"]
[PlyCount "143"]
[EventDate "2020.07.14"]
[EventType "team-tourn"]
[EventRounds "11"]
[EventCountry "CRO"]
[SourceTitle "CBM 197 Extra"]
[Source "ChessBase"]
[SourceDate "2020.09.30"]
[SourceVersion "1"]
[SourceVersionDate "2020.09.30"]
[SourceQuality "1"]
[WhiteTeam "Rijeka Liburnija U20"]
[BlackTeam "Rijeka Junior U20"]
[WhiteTeamCountry "CRO"]
[BlackTeamCountry "CRO"]

1. e4 e6 2. d3 d5 3. Nd2 Nf6 4. Ngf3 c5 5. g3 b6 6. Bg2 Bb7 7. 0-0 Be7 8. e5 Nfd7 9. Qe2 Nc6 10. Re1 g5 11. h3 Qc7 12. c4 d4 13. a3 0-0-0 14. b4 cxb4 15. axb4 Bxb4 16. Ba3 a5 17. Bxb4 Nxb4 18. Nxd4 Bxg2 19. Nb5 Qxe5 20. Qxe5 Nxe5 21. Rxe5 Nxd3 22. Rxg5 Nxf2 23. Kxf2 Rxd2+ 24. Ke3 Rd7 25. c5 bxc5 26. Rxc5+ Kd8 27. Rxa5 Ke7 28. h4 Bd5 29. Nc3 Rg8 30. Kf4 Bb7 31. Ne2 f6 32. Rc3 Bd5 33. Rac5 Rb8 34. g4 Rb2 35. Rc2 Rxc2 36. Rxc2 e5+ 37. Kg3 Be6 38. Rc3 Rb7 39. g5 Rb3 40. Rxb3 Bxb3 41. gxf6+ Kxf6 42. Nc3 Kf5 43. Nb5 Ke4 44. Nd6+ Kd3 45. Kf2 e4 46. Nf5 Be6 47. Ne3 Kd2 48. Ng2 Bh3 49. Ne3 Be6 50. Nf1+ Kd3 51. Ne3 Kc3 52. Kg3 Kd3 53. Kf2 Bh3 54. Nd1 Be6 55. Ne3 Kd2 56. Ng2 Bh3 57. Ne3 Kd3 58. Nd1 Kd4 59. Ne3 Ke5 60. Kg3 Be6 61. Ng2 Kd4 62. Kf2 Bh3 63. Ne3 h6 64. Nd1 Kd3 65. Ne3 Kd4 66. Nd1 Ke5 67. Kg3 Bd7 68. Ne3 Be6 69. Ng2 Kd4 70. Kf2 Bh3 71. Ne3 Ke5 72. Kg3 1/2-1/2

[Event "CRO-chT U20 29th"]
[White "Purini, Bruno"]
[Black "Dankos, Mislav"]
[Site "Cakovec"]
[Round "5.1"]
[Result "1-0"]
[Date "2020.07.16"]
[WhiteElo "2017"]
[BlackElo "1274"]
[PlyCount "71"]
[EventDate "2020.07.14"]
[EventType "team-tourn"]
[EventRounds "11"]
[EventCountry "CRO"]
[SourceTitle "CBM 197 Extra"]
[Source "ChessBase"]
[SourceDate "2020.09.30"]
[SourceVersion "1"]
[SourceVersionDate "2020.09.30"]
[SourceQuality "1"]
[WhiteTeam "Rijeka Liburnija U20"]
[BlackTeam "Osijek Ferit U20"]
[WhiteTeamCountry "CRO"]
[BlackTeamCountry "CRO"]

1. e4 c5 2. Nf3 Nc6 3. g3 g6 4. Bg2 Nf6 5. d3 Bg7 6. 0-0 d6 7. c3 Qb6 8. Na3 Bg4 9. h3 Bxf3 10. Qxf3 Nd7 11. Qe2 e5 12. Nc4 Qc7 13. a4 Nb6 14. Ne3 a5 15. f4 0-0 16. f5 Nd8 17. f6 Bh6 18. Nd5 Nxd5 19. Bxh6 Nxc3 20. bxc3 Re8 21. h4 Ne6 22. Bh3 c4 23. Bxe6 cxd3 24. Qxd3 Rxe6 25. h5 d5 26. exd5 e4 27. Qe3 Re5 28. Bf4 g5 29. Bxe5 Qxe5 30. d6 Rd8 31. Rad1 h6 32. c4 b6 33. Rd5 Qe6 34. Kh2 Kh7 35. Rd4 Kg8 36. Qxe4 1-0

[Event "CRO-chT U20 29th"]
[White "Purini, Bruno"]
[Black "Martic, Filip"]
[Site "Cakovec"]
[Round "2.5"]
[Result "1-0"]
[Date "2020.07.14"]
[WhiteElo "2017"]
[BlackElo "1668"]
[PlyCount "99"]
[EventDate "2020.07.14"]
[EventType "team-tourn"]
[EventRounds "11"]
[EventCountry "CRO"]
[SourceTitle "CBM 197 Extra"]
[Source "ChessBase"]
[SourceDate "2020.09.30"]
[SourceVersion "1"]
[SourceVersionDate "2020.09.30"]
[SourceQuality "1"]
[WhiteTeam "Rijeka Liburnija U20"]
[BlackTeam "Sesvete Agroproteinka U20"]
[WhiteTeamCountry "CRO"]
[BlackTeamCountry "CRO"]

1. e4 c5 2. Nf3 g6 3. c3 Bg7 4. d4 cxd4 5. cxd4 d5 6. exd5 Nf6 7. Nc3 Nbd7 8. Bf4 Nb6 9. Bb5+ Bd7 10. d6 Nh5 11. Bg5 f6 12. Be3 exd6 13. g4 Bxb5 14. Nxb5 Qd7 15. Qe2 a6 16. Nxd6+ Qxd6 17. Bf4+ Qe7 18. Qxe7+ Kxe7 19. gxh5 gxh5 20. Rc1 Nd5 21. Bg3 Rac8 22. 0-0 Bh6 23. Rc5 Rxc5 24. dxc5 Bf4 25. Re1+ Kf7 26. Rd1 Bxg3 27. Rxd5 Ke6 28. Rxh5 Be5 29. Nxe5 fxe5 30. Kf1 h6 31. Ke2 Kd5 32. Ke3 Kxc5 33. Rxe5+ Kd6 34. f4 Rc8 35. Rh5 Re8+ 36. Kd4 Re6 37. Rd5+ Kc6 38. f5 Re2 39. Re5 Rxh2 40. Re6+ Kd7 41. Rb6 Kc7 42. Rb3 Rf2 43. Ke5 b5 44. Ke6 Re2+ 45. Kf7 Rd2 46. f6 Rd7+ 47. Kg8 Rd8+ 48. Kg7 Rd2 49. Rf3 Rg2+ 50. Kh8 1-0

[Event "Pula op 33rd"]
[White "Biti, Ozren"]
[Black "Purini, Bruno"]
[Site "Pula"]
[Round "1"]
[Result "1-0"]
[Date "2019.06.22"]
[WhiteElo "2374"]
[BlackElo "1853"]
[PlyCount "33"]
[EventDate "2019.06.22"]
[EventType "swiss"]
[EventRounds "9"]
[EventCountry "CRO"]
[SourceTitle "CBM 191 Extra"]
[Source "ChessBase"]
[SourceDate "2019.09.30"]
[SourceVersion "1"]
[SourceVersionDate "2019.09.30"]
[SourceQuality "1"]

1. e4 e5 2. Nf3 Nc6 3. Bc4 Bc5 4. 0-0 Nf6 5. d3 h6 6. a4 a5 7. c3 d6 8. Nbd2 0-0 9. h3 Ne7 10. d4 exd4 11. cxd4 Bb6 12. Bd3 c6 13. Re1 Re8 14. Nf1 Ng6 15. Ng3 Be6 16. Be3 Qd7 17. d5 1-0

[Event "CRO Cup"]
[White "Brumen, Dinko"]
[Black "Purini, Bruno"]
[Site "Mali Losinj"]
[Round "3.84"]
[Result "1-0"]
[Date "2019.05.16"]
[WhiteElo "2320"]
[BlackElo "1829"]
[PlyCount "111"]
[EventDate "2019.05.15"]
[EventType "team-swiss"]
[EventRounds "6"]
[EventCountry "CRO"]
[SourceTitle "CBM 190 Extra"]
[Source "ChessBase"]
[SourceDate "2019.07.15"]
[SourceVersion "1"]
[SourceVersionDate "2019.07.15"]
[SourceQuality "1"]
[WhiteTeam "Zagreb Mladost"]
[BlackTeam "Porec Gortan"]
[WhiteTeamCountry "CRO"]
[BlackTeamCountry "CRO"]

1. d4 d5 2. Bg5 c6 3. e3 Bf5 4. Ne2 h6 5. Bh4 Nf6 6. f3 Nbd7 7. g4 Bh7 8. Bg3 g5 9. Nd2 Bg7 10. h4 Qb6 11. Qc1 c5 12. c3 Rc8 13. Bg2 cxd4 14. exd4 Bd3 15. Nf1 Qa6 16. Qd2 Rc6 17. Nc1 Re6+ 18. Kf2 gxh4 19. Nxd3 hxg3+ 20. Nxg3 Kf8 21. Nf5 Qb6 22. g5 Ng8 23. Bh3 hxg5 24. Nxg7 Reh6 25. Kg2 Rxh3 26. Rxh3 Rxh3 27. Kxh3 Qh6+ 28. Kg2 Qxg7 29. Rg1 Nh6 30. Kf2 f6 31. Qe3 Qf7 32. Ke1 Nf5 33. Qe2 Ke8 34. Kd1 Kd8 35. Kc1 Qh5 36. Re1 Qf7 37. Rh1 Kc7 38. Nb4 a5 39. Nc2 Nd6 40. Rh8 Nb8 41. Na3 Nc6 42. Qh2 Kb6 43. Qe2 Kc7 44. Nc2 Qg7 45. Rh1 Qf7 46. a4 e5 47. Na3 exd4 48. Nb5+ Kd7 49. Qd3 f5 50. Rh6 Nc4 51. Nxd4 Ne7 52. b3 Qg7 53. Nxf5 Qe5 54. bxc4 Qe1+ 55. Kb2 Qf2+ 56. Kb3 1-0

[Event "CRO Cup"]
[White "Medak, Bojan"]
[Black "Purini, Bruno"]
[Site "Mali Losinj"]
[Round "1.64"]
[Result "1-0"]
[Date "2019.05.15"]
[WhiteElo "2347"]
[BlackElo "1829"]
[PlyCount "29"]
[EventDate "2019.05.15"]
[EventType "team-swiss"]
[EventRounds "6"]
[EventCountry "CRO"]
[SourceTitle "CBM 190 Extra"]
[Source "ChessBase"]
[SourceDate "2019.07.15"]
[SourceVersion "1"]
[SourceVersionDate "2019.07.15"]
[SourceQuality "1"]
[WhiteTeam "Kastel Novi Sedlar"]
[BlackTeam "Porec Gortan"]
[WhiteTeamCountry "CRO"]
[BlackTeamCountry "CRO"]

1. c4 e6 2. Nc3 Nf6 3. e4 d5 4. e5 d4 5. exf6 dxc3 6. bxc3 Qxf6 7. d4 c5 8. Nf3 h6 9. Be2 Bd6 10. Be3 Nd7 11. Nd2 b6 12. Bf3 Rb8 13. Qa4 a6 14. Ne4 Qe7 15. Qc6 1-0

[Event "CRO-chT U20 26th"]
[White "Purini, Bruno"]
[Black "Petrovic, David1"]
[Site "Sv Filip i Jakov"]
[Round "6.10"]
[Result "1/2-1/2"]
[Date "2018.04.05"]
[WhiteElo "1409"]
[BlackElo "1651"]
[PlyCount "42"]
[EventDate "2018.04.03"]
[EventType "team-swiss"]
[EventRounds "11"]
[EventCountry "CRO"]
[SourceTitle "CBM 184 Extra"]
[Source "ChessBase"]
[SourceDate "2018.06.28"]
[SourceVersion "1"]
[SourceVersionDate "2018.06.28"]
[SourceQuality "1"]

1. e4 e5 2. Nf3 Nc6 3. Bb5 a6 4. Bxc6 dxc6 5. 0-0 Bg4 6. h3 Bh5 7. g4 Bg6 8. Nxe5 Qe7 9. Nxg6 hxg6 10. Qf3 0-0-0 11. d3 Qc5 12. Nc3 Nf6 13. Kg2 Bd6 14. Bf4 Rdf8 15. Bxd6 Qxd6 16. Qe3 Nxg4 17. Qg3 Qxg3+ 18. Kxg3 Nh6 19. f4 f5 20. e5 g5 21. fxg5 f4+ 1/2-1/2